| 000 | 00938nam a2200229Ia 4500 | ||
|---|---|---|---|
| 003 | GCL | ||
| 008 | 140319s9999 xx 000 0 ara d | ||
| 040 |
_aGCL / _cGCL |
||
| 082 | 0 | 4 |
_aق _b363.32 _bا ا |
| 100 | 1 | _aاحمد فاروق احمد حسن | |
| 245 | 1 | 0 |
_aاتجاهات بعض فئات الشباب نحو ظاهرة الارهاب فى المجتمع المصرى وكيفية مواجهتها : _bدراسة ميدانية مقارنة / _cاحمد فاروق احمد حسن |
| 250 | _aالاولى | ||
| 260 |
_aالقاهرة : _bمركز البحوث والدراسات الاجتماعية ، _c2005 |
||
| 300 |
_a230 ص ؛ _c24 سم |
||
| 650 | 0 | 4 | _aالارهاب |
| 650 | 0 | 4 | _aالضبط الاجتماعى |
| 650 | 0 | 4 | _aالعنف |
| 650 | 0 | 4 | _aالشباب فى مصر |
| 650 | 0 | 4 | _aالشباب - رعاية اجتماعية |
| 650 | 0 | 4 | _aالشباب - المشاكل اجتماعية |
| 942 |
_2ddc _cBK |
||
| 999 |
_c8742 _d8742 |
||